Top Ten Fastest Fish - Statistics

General Stats
  • This quiz has been taken 610 times
    607 since last reset
  • The average score is 3 of 10
Answer Stats
Answer % Correct
Sailfish
73%
Swordfish
69%
Striped Marlin
68%
Wahoo
24%
Blue Shark
15%
Bonefish
12%
Tiger Shark
12%
Tarpon
11%
Yellow Fin Tuna
3%
Southern Blue Fin Tuna
1%
No matching quizzes found
Score Distribution
Percent of People with Each Score
Percentile by Number Answered
Your Score History
You have not taken this quiz since the last reset